Score 0/15 Timer 05:00
0 Plays Today
hint answer % Correct
1/5 of USA's production of this crop comes from Iowacorn
96.4%
This word means 'beautiful land'Iowa
91.8%
Annual bike trip across IowaRagbrai
82.8%
The 1st US President born west of the MississippiHoover
79.9%
Famous actor born in WintersetJohn Wayne
71.3%
3-day festival in Pella each year is for this planttulip
67.7%
World's largest cereal mill, in Cedar RapidsQuaker Oats
55.2%
I want something fried on a stickIowa State Fair
53.8%
hint answer % Correct
State bird of IowaEastern Goldfinch
44.8%
Oldest land grant college in the USAIowa State University
40.5%
Iowa gets more of these than any other statetornadoes
28%
This poll guy is from IowaGallup
25.1%
Largest glacier-made lake in IowaSpirit Lake
25.1%
Iowa's lone island citySabula
16.1%
Chocolate-covered ice cream bar invented in IowaEskimo Pie
14.3%
Remove Ads.
Support Sporcle.
Get the best of Sporcle when you Go Orange. This ad-free experience offers more features, more stats, and more fun while also helping to support Sporcle. Thank you for becoming a member.

You're not logged in!

Compare scores with friends on all Sporcle quizzes.
OR
Log In

Show Comments

Extras

Created Nov 13, 2010ReportNominate
Tags:Iowa

Top Quizzes Today


Score Distribution

Your Account Isn't Verified!

In order to create a playlist on Sporcle, you need to verify the email address you used during registration. Go to your Sporcle Settings to finish the process.

Report this User

Report this user for behavior that violates our Community Guidelines.

Details: